1943 1410 1844 1471 1511 1697 1618 1187 1886 1968 1198 1449 1384 1793 1858 1220 1682 1864 1863 1844 1599 1684 1498 1536 1631 1996 1130 1210 1846 1612 1166 1504 1461 1373 1703 1698 1757 1518 1253 1638 1559 1714 1078 1203 1929 1627 1647 1943 1498 1433 1533 1503 1513 1544 1076 1652 1817 1324 1290 1818 1342 1314 1575 1098 1573 1275 1663 1395 1801 1943 1122 1512 1960 1833 1364 1468 1095 1697 1038 1744 1327 1717 1797 1164 1051 1474 1701 1112 1823 1910 1596 1894 1158 1361 1385 1809 1123 1701 1637 BCNSPRNW ULIB Ver.6.0+V

เปลี่ยนเป็นภาษาไทย

Change to English
 แสดงรายละเอียดบรรณานุกรม
  กลับหน้าหลัก

Brief Record : Get Marc (ISO 2709) : E-mail record : QR code < ปิดหน้าต่าง
LEADER : 00000nam 2200000uu 4500
001    13399112329
003     ULIB
008    110627s2554||||th 000 0 tha d
020    9786167479132
090    นว.^bศ699ท 2554
100 0  ศุภมาลย์
245 00 เทพบุตรหัวใจพยัคฆ์/^cศุภมาลย์
260    กรุงเทพฯ :^bไลท์ ออฟ เลิฟ บุ๊คส์,^c2554
300    248 หน้า
710 1  ไลท์ ออฟ เลิฟ บุ๊คส์
945    ^p209^l0^i030396
995    ทศพร
999 ^a ใช้งานได้ทุกระบบ
รายการนี้ยังไม่มีแท็ก
คุณยังไม่ได้ล็อกอิน คุณสามารถมีกิจกรรมร่วมกับเว็บไซต์ได้ แต่ต้องล็อกอินก่อน ::
  ล็อกอิน

รายการสื่อสารสนเทศ

ลำดับที่ ประเภท เลขเรียก/บาร์โค้ด สถานที่ สถานะ
- ไม่พบข้อมูล -

BibComment


ยังไม่เคยถูกคอมเมนท์

คอมเมนท์ทรัพยากรรายการนี้
  คอมเมนท์: เทพบุตรหัวใจพยัคฆ..


 Copyright 2026. Bcnsprnw @Library